Statistics for Guess the Taylor Swift song with no hint 51

Click here to take the quiz!

General Stats

  • This quiz has been taken 545 times
    (410 since last reset)
  • The average score is 305 of 341

Answer Stats

Answer% Correct
I
100%
You
99%
you
99%
do
98%
and
97%
And
97%
me
97%
the
97%
The
97%
to
97%
your
97%
it
96%
when
96%
in?
95%
in
95%
All
94%
all
94%
(all
94%
was
94%
had
93%
Had
93%
Stay
92%
stay
92%
(stay)
92%
stay)
92%
(stay, stay, stay, stay)
92%
what
92%
of
91%
is
90%
it's
90%
like
90%
that
90%
Then
90%
too
90%
were
90%
go
89%
love
89%
they
89%
don't
88%
but
87%
But
87%
have
87%
say
86%
This
86%
this
86%
want
86%
been
85%
Now
85%
now
85%
out
84%
are
83%
back
83%
just
83%
know
83%
not
83%
Not
83%
hand
82%
I've
82%
Let
82%
let
82%
Oh
82%
(oh, oh, oh)
82%
palm
81%
up
80%
us
79%
wanted
79%
could've
78%
late
78%
lock
78%
off
78%
you've
78%
always
77%
gave
77%
away
76%
Hey
76%
think
76%
why'd
76%
about
75%
easy
75%
Well
75%
people
74%
People
74%
gone
73%
made
71%
changed
70%
Here
70%
more
70%
wanna
70%
believe
69%
forever
69%
goodbye
69%
less
69%
road
69%
pushed
68%
aside
67%
mess
67%
drove
66%
calling
65%
pieces
65%
remind
65%
picking
64%
ended
60%

Score Distribution

Percentile by Number Answered

Percent of People with Each Score

Your Score History

You have not taken this quiz since the last reset